Nuevo mundo : [periódico ilustrado] [periódico ilustrado]
Descripción Física:
5 vols. enquadernats ; il·lustrat b/n ; periodicitat: setmanal ; 28 cm
Descripción:
Inventari dels números compresos al volum Rev-617 (R. 14492):
Idioma:
Español
MARC
| LEADER | 00000nas a2200000 a 4500 | ||
|---|---|---|---|
| 001 | 14489, 14490, 14491, 14492, 14502 | ||
| 003 | AGDB | ||
| 005 | 20260324181509.0 | ||
| 008 | 160829s9999 xx 000 0 cat d | ||
| 008 | 160829s9999 xx 000 0 cat d | ||
| 022 | |a 1699-8677 | ||
| 040 | |a agdb |b cat | ||
| 041 | |a spa | ||
| 245 | |a Nuevo mundo : |b [periódico ilustrado] | ||
| 260 | |a Madrid : |b Nuevo Mundo ; |c [1894-1933] | ||
| 300 | |a 5 vols. enquadernats ; |b il·lustrat b/n ; periodicitat: setmanal ; |c 28 cm | ||
| 362 | |a Año 1, no. 1 (18 enero 1894)-año 40, no. 2077 (28 dic. 1933) | ||
| 500 | |a Setmanal, surt els dijous. | ||
| 500 | |a Descripció basada en: Año 12, no. 621 (30 nov. 1905). | ||
| 500 | |a Es pot trobar digitalitzada a: https://hemerotecadigital.bne.es/hd/es/card?sid=1232598 | ||
| 520 | |a Inventari dels números compresos al volum Rev-617 (R. 14492): |b Núm. 628 (19 gener 1906) ; Núm. 647 (31 maig 1906) ; Núm. 653 (12 juliol 1906) ; Núm. 656 (2 d’agost 1906) ; Núm. 657 (9 d’agost 1906) ; [Núm. 676] (20 desembre 1906) ; Núm. 695 (2 maig 1907) ; Núm. 774 (5 novembre 1908) ; Núm. 781 (24 desembre 1908) ; Núm. 784 (14 gener 1909) ; Núm. 789 (18 febrer 1909) ; Núm. 797 [14 abril 1909] ; Núm. 803 [27 maig 1909] ; Núm. 806 (17 juny 1909) ; Núm. 808 [1 juliol 1909] ; Núm. 811 (22 juliol 1909) ; Núm. 823 [14 octubre 1909] ; Núm. 824 (21 octubre 1909) ; Núm. 839 (3 febrer 1910) ; Núm. 841 (17 febrer 1910) ; Núm. 855 (26 maig 1910) ; Núm. 856 (2 juny 1910) ; Núm. 858 (16 juny 1910) ; Núm. 860 (30 juny 1910) ; Núm. 934 (30 novembre 1911) ; Núm. 945 (15 febrer 1912) ; Núm. 948 (7 març 1912) | ||
| 520 | |a Inventari dels números compresos al volum Rev-618 (R. 14490): |b Núm. 647 (31 maig 1906) ; Núm. 648 (7 juny 1906) ; Núm. 649 (14 juny 1906) ; Núm. 727 (12 desembre 1907) ; Núm. 731 (9 gener 1908) ; Núm. 739 (5 març 1908) ; Núm. 473 (2 abril 1908) ; Núm. 750 (21 maig 1908) ; Núm. 751 (28 maig 1908) ; Núm. 752 (4 juny 1908) ; Núm. 753 (11 juny 1908) ; Núm. 754 (18 juny 1908) ; Núm. 756 (2 juliol 1908) ; Núm. 762 (13 agost 1908) ; Núm. 763 (20 agost 1908) ; Núm. 768 (24 setembre 1908) ; Núm. 769 [1 octubre 1908] ; Núm. 771 (15 octubre 1908) ; Núm. 773 (29 octubre 1908) ; Núm. 774 (5 novembre 1908) ; Núm. 782 (31 desembre 1908) ; Núm. 939 (4 gener 1912) ; Núm. 940 (11 gener 1912) ; Núm. 941 (18 gener 1912) ; Núm. 942 (25 gener 1912) ; Núm. 943 (1 febrer 1912) ; Núm. Extraordinari (8 febrer 1912) ; Núm. 945 (15 febrer 1912) | ||
| 520 | |a Inventari dels números compresos al volum Rev-619 (R. 14489): |b Núm. 621 (30 novembre 1905) ; Núm. 629 (25 gener 1906) ; Núm. 631 (8 febrer 1906) ; Núm. 632 (15 febrer 1906) ; Núm. 633 (22 febrer 1906) ; Núm. 634 (1 març 1906) ; Núm. 635 ( 8 març 1906) ; Núm. 636 ( 15 març 1906) ; Núm. 637 (22 març 1906) ; Núm. 638 ( 29 març 1906) ; Núm. 640 (12 abril 1906) ; Núm. 641 ( 19 abril 1906) ; Núm. 643 (3 maig 1906) ; Núm. 644 ( 10 maig 1906) ; Núm. 646 ( 24 maig 1906) ; Núm. 815 ( 19 agost 1909) ; Núm. 816 ( 26 agost 1909) ; Núm. 817 (2 setembre 1909) ; Núm. 818 (9 setembre 1909) ; Núm. 819 (16 setembre 1909) ; Núm. 820 (23 setembre 1909) ; Núm. 821 (30 setembre 1909) ; Núm. Extraordinari (3 octubre 1909) | ||
| 520 | |a Inventari dels números compresos al volum Rev-620 (R. 14502): |b Núm. 890 (26 gener 1911) ; Núm. 981 (2 febrer 1911) ; Núm. 892 ( 9 febrer 1911) ; Núm. 893 (16 febrer 1911) ; Núm. 894 (23 febrer 1911) ; Núm. 896 9 març 1911) ; Núm. 897 (16 març 1911) ; Núm. 898 (23 març 1911) ; Núm. 899 (30 març 1911) ; Núm. 900 (6 abril 1911) ; Núm. 901 (13 abril 1911) ; Núm. 902 (20 abril 1911) ; Núm. 904 [4 maig 1911] ; Núm. 905 (11 maig 1911) ; Núm. 906 (18 maig 1911) ; Núm. 907 (25 maig 1911) ; Núm. 908 (1 juny 1911) ; Núm. 909 (8 juny 1911) ; Núm. 910 (15 juny 1911) ; Núm. 911 (22 de juny 1911) ; Núm. 913 (6 juliol 1911) ; Núm. 914 (13 juliol 1911) ; Núm. 915 (20 juliol 1911) ; Núm. 916 (27 juliol 1911) ; Núm. 917 [3 agost 1911] ; Núm. 918 (10 agost 1911) ; Núm. 919 (17 agost 1911) ; Núm. 921 (31 agost 1911) ; Núm. 922 (7 setembre 1911) ; Núm. 923 (14 setembre 1911) ; Núm. 924 (21 setembre 1911) ; Núm. 925 (28 setembre 1911) ; Núm. 926 (5 octubre 1911) ; Núm. 927 (12 octubre 1911) ; Núm. 928 (19 octubre 1911) ; Núm. 929 (26 octubre 1911) ; Núm. 930 (2 novembre 1911) ; Núm. 931 (9 novembre 1911) ; Núm. 932 (16 novembre 1911) ; Núm. 933 (23 novembre 1911) ; Núm. 934 (30 novembre 1911) ; Núm. 935 (7 desembre 1911) ; Núm. 936 (14 desembre 1911) ; Núm. 937 (21 desembre 1911) | ||
| 520 | |a Inventari dels números compresos al volum Rev-621 (R. 14491): |b Núm. 838 (27 gener 1910) ; Núm. 839 (3 febrer 1910); Núm. 840 (10 febrer 1910) ; Núm. 841 (17 febrer 1910) ; Núm. 842 (24 febrer 1910) ; Núm. 834 (3 març 1910) ; Núm. 844 (10 març 1910) ; Núm. 845 (17 març 1910) ; Núm. 846 [24 març 1910] ; Núm. 847 (31 març 1910) ; Núm. 848 (7 abril 1910) ; Núm. 849 (14 abril 1910) ; Núm. 850 (21 abril 1910) ; Núm. 852 (5 maig 1910) ; Núm. 853 (12 maig 1910) ; Núm. 854 [19 maig 1910] ; Núm. 855 (26 maig 1910) ; Núm. 857 (9 juny 1910) ; Núm. 858 (16 juny 1910) ; Núm. 860 (30 juny 1910) ; Núm. 861 (7 juliol 1910) ; Núm. 862 (14 juliol 1910) ; Núm. 863 (21 juliol 1910) ; Núm. 864 (28 juliol 1910) ; Núm. 866 (11 agost 1910) ; Núm. 867 (18 agost 1910) ; Núm. 868 (25 agost 1910) ; Núm. 869 (1 setembre 1910) ; Núm. 870 (8 setembre 1910) ; Núm. 871 (15 setembre 1910) ; Núm. 872 (22 setembre 1910) ; Núm. 873 (29 setembre 1910) ; Núm. 874 (6 octubre 1910) ; Núm. 875 [13 octubre 1910] ; Núm. 876 (20 octubre 1910) ; Núm. 877 (27 octubre 1910) ; Núm. 878 (3 novembre 1910) ; Núm. 879 (10 novembre 1910) ; Núm. 880 (17 novembre 1910) ; Núm. 883 [8 desembre 1910] ; Núm. 884 [15 desembre 1910] | ||
| 563 | |a Estat de conservació: molt deficient, volums incomplets, pàgines arrancades i esquinçades, núms. completament barrejats, sense seguir un ordre numèric ni cronològic. | ||
| 650 | |a Informació general |x Espanya |x Diaris |9 39808 | ||
| 655 | 0 | |9 55823 |a Revistes | |
| 856 | 4 | 0 | |u https://hemerotecadigital.bne.es/hd/es/card?sid=1232598 |z Accés lliure (Hemeroteca BNE) |
| 866 | |a 1906-1912 | ||
| 901 | |a Arxiu | ||
| 942 | |n 1 |2 udc |c REV | ||
| 952 | |0 0 |1 0 |2 udc |4 1 |7 1 |9 96076 |a Arxiu |b Arxiu |d 2023-08-02 |h 1906-1912 |o Rev-617 |p 14492 |r 2023-08-02 00:00:00 |w 2023-08-02 |y ARXIU |z Veure les notes per consultar els números que conté l'exemplar | ||
| 952 | |0 0 |1 0 |4 1 |6 REV618 |7 1 |9 96083 |a Arxiu |b Arxiu |d 2023-08-07 |h 1906-1912 |l 0 |o Rev-618 |p 14490 |r 2023-08-07 00:00:00 |w 2023-08-07 |y ARXIU |z Veure les notes per consultar els números que conté l'exemplar | ||
| 952 | |0 0 |1 0 |2 udc |4 1 |6 REV619 |7 1 |9 96084 |a Arxiu |b Arxiu |d 2023-08-07 |h 1905-1909 |l 0 |o Rev-619 |p 14489 |r 2023-08-07 00:00:00 |w 2023-08-07 |y ARXIU |z Veure les notes per consultar els números que conté l'exemplar | ||
| 952 | |0 0 |1 0 |2 udc |4 1 |6 REV620 |7 1 |9 96085 |a Arxiu |b Arxiu |d 2023-08-07 |h 1911 |l 0 |o Rev-620 |p 14502 |r 2023-08-07 00:00:00 |w 2023-08-07 |y ARXIU |z Veure les notes per consultar els números que conté l'exemplar | ||
| 952 | |0 0 |1 0 |2 udc |4 1 |7 1 |9 96086 |a Arxiu |b Arxiu |d 2023-08-07 |h 1910 |o Rev-621 |p 14491 |r 2023-08-07 00:00:00 |w 2023-08-07 |y ARXIU |z Veure les notes per consultar els números que conté l'exemplar | ||
| 999 | |c 53060 |d 53060 | ||